[Event "26th EUR-ch"]
[Site "Katowice POL"]
[Date "2026.04.16"]
[Round "9.64"]
[White "Vagman, Roy"]
[Black "Babazada, Khazar"]
[Result "0-1"]
[WhiteElo "2377"]
[BlackElo "2480"]
[EventDate "2026.04.07"]
[PlyCount "108"]

1.e4 c5 2.Nf3 g6 3.c4 Nc6 4.d4 cxd4 5.Nxd4 Nf6 6.Nc3 Nxd4 7.Qxd4 d6 8.Be2 
Bg7 9.O-O O-O 10.Qd3 a5 11.Be3 a4 12.Bd4 Qa5 13.Rab1 Be6 14.f4 Bg4 15.Bxg4
Nxg4 16.h3 Nf6 17.e5 dxe5 18.fxe5 Nd7 19.e6 Ne5 20.exf7+ Rxf7 21.Rxf7 Kxf7
22.Qe4 Kg8 23.Nd5 e6 24.Nf4 Re8 25.b4 axb3 26.Rxb3 Nxc4 27.Bxg7 Nd2 28.
Qxb7 Qc5+ 29.Kh2 Re7 30.Rb5 Qf2 31.Qb8+ Kxg7 32.Qe5+ Kf7 33.Kh1 Nc4 34.Qb8
Nd6 35.Qxd6 Qf1+ 36.Kh2 Qxb5 37.Nd3 e5 38.a4 Qe8 39.a5 e4 40.Nf4 Qd7 41.
Qa3 Qc7 42.Qa2+ Kg7 43.g3 Qd6 44.a6 Rd7 45.Qa1+ Qf6 46.Qa2 e3 47.Qa3 Rd2+ 
48.Ng2 Qc6 49.Qa1+ Kh6 50.Qg1 Qf3 51.a7 Rf2 52.h4 Qb7 53.g4 g5 54.h5 Qf3 
0-1

[Event "26th EUR-ch"]
[Site "Katowice POL"]
[Date "2026.04.16"]
[Round "9.65"]
[White "Pantsulaia, Levan"]
[Black "Coicev, Matei-Andrei"]
[Result "1-0"]
[WhiteElo "2472"]
[BlackElo "2333"]
[EventDate "2026.04.07"]
[PlyCount "99"]

1.Nf3 d5 2.d4 Nf6 3.Bf4 Bf5 4.e3 e6 5.c4 Bxb1 6.Qxb1 Bb4+ 7.Kd1 Bd6 8.Bg5 
h6 9.Bxf6 Qxf6 10.c5 Be7 11.Qc2 O-O 12.Ne5 Bd8 13.f4 c6 14.Rc1 Bc7 15.Nf3 
b6 16.b4 Qe7 17.g4 a5 18.g5 h5 19.g6 f5 20.cxb6 Bxb6 21.Ng5 Rf6 22.b5 Rxg6
23.bxc6 Bc7 24.h4 Rf6 25.Rh2 Rf8 26.Qb1 Ra7 27.Rb2 Re8 28.Rb7 Rxb7 29.cxb7
Qd6 30.Qb5 Re7 31.Qc5 g6 32.Qxd6 Bxd6 33.Rb1 Bc7 34.Kc2 Bd8 35.Rb5 Rc7+ 
36.Rc5 Rxc5+ 37.dxc5 Bxg5 38.fxg5 Kf7 39.Kb3 Ke7 40.Ka4 Kd7 41.Bb5+ Kc7 
42.Be8 e5 43.Bxg6 f4 44.exf4 exf4 45.Bxh5 Nd7 46.g6 Nxc5+ 47.Kb5 Ne4 48.g7
Nf6 49.Bf3 Kxb7 50.h5 1-0

[Event "26th EUR-ch"]
[Site "Katowice POL"]
[Date "2026.04.16"]
[Round "9.66"]
[White "Akbas, Umut Ata"]
[Black "Qalichava, Akaki"]
[Result "0-1"]
[WhiteElo "2470"]
[BlackElo "2322"]
[EventDate "2026.04.07"]
[PlyCount "78"]

1.Nf3 Nf6 2.g3 d5 3.Bg2 e6 4.O-O Be7 5.d4 b5 6.a4 b4 7.c4 bxc3 8.Nxc3 O-O 
9.Bf4 Na6 10.Rc1 c5 11.Nb5 Qb6 12.Ne5 Bd7 13.Nxd7 Nxd7 14.e4 dxe4 15.Bxe4 
Rad8 16.b4 cxb4 17.Rc6 Qa5 18.Bd3 Nf6 19.Qc2 Rd7 20.Rc1 h6 21.Qb3 Nd5 22.
Be5 Nb8 23.Rc8 Rdd8 24.R8c7 a6 25.Ra7 Qb6 26.a5 Qxa5 27.Nc7 Bf6 28.Nxd5 
Qxd5 29.Bc4 Qe4 30.Bxf6 gxf6 31.d5 Qd4 32.Rb7 exd5 33.Bd3 a5 34.Bb1 Rc8 
35.Rxc8 Rxc8 36.Bf5 Rc1+ 37.Kg2 Nc6 38.Qf3 Ne5 39.Qh5 Qd1 0-1

[Event "26th EUR-ch"]
[Site "Katowice POL"]
[Date "2026.04.16"]
[Round "9.67"]
[White "Ambartsumian, Tyhran"]
[Black "Blomqvist, Erik"]
[Result "1/2-1/2"]
[WhiteElo "2372"]
[BlackElo "2463"]
[EventDate "2026.04.07"]
[PlyCount "34"]

1.e4 e5 2.Nf3 Nc6 3.Bb5 a6 4.Ba4 Nf6 5.O-O Nxe4 6.d4 Be7 7.Re1 b5 8.Rxe4 
d5 9.Nxe5 Nxe5 10.Rxe5 bxa4 11.b3 O-O 12.Ba3 Bxa3 13.Nxa3 Re8 14.Rxe8+ 
Qxe8 15.Nb1 Qe6 16.Nc3 Bd7 17.Nxa4 Bxa4 1/2-1/2

[Event "26th EUR-ch"]
[Site "Katowice POL"]
[Date "2026.04.16"]
[Round "9.68"]
[White "Hrbek, Stepan"]
[Black "David, Alexandru-Vasile"]
[Result "1-0"]
[WhiteElo "2460"]
[BlackElo "2314"]
[EventDate "2026.04.07"]
[PlyCount "89"]

1.c4 e5 2.Nc3 Bb4 3.Nd5 a5 4.Nf3 d6 5.a3 Bc5 6.e3 c6 7.d4 Ba7 8.Nc3 Nd7 9.
Be2 Ngf6 10.Qc2 O-O 11.b3 Re8 12.Bb2 Qe7 13.O-O-O e4 14.Nd2 Nf8 15.h3 d5 
16.g4 Rd8 17.g5 Ne8 18.h4 Bf5 19.Kb1 Qe6 20.Rhg1 Bxd4 21.Nxd5 Bxb2 22.Nf4 
Qe7 23.Kxb2 b5 24.Nb1 Ne6 25.Nxe6 Bxe6 26.Rxd8 Rxd8 27.Rd1 Rxd1 28.Qxd1 
bxc4 29.Bxc4 Bxc4 30.bxc4 h6 31.Qd4 hxg5 32.hxg5 Qxg5 33.Qxe4 Qf6+ 34.Kb3 
Nc7 35.Qd4 Qe7 36.Qb6 Ne6 37.Qxc6 Nc5+ 38.Kc2 Qg5 39.Qe8+ Kh7 40.Qxf7 Qg4 
41.Nd2 a4 42.f3 Qg5 43.f4 Qg4 44.f5 Kh6 45.Qf8 1-0

[Event "26th EUR-ch"]
[Site "Katowice POL"]
[Date "2026.04.16"]
[Round "9.69"]
[White "Tudor, Henry Edward"]
[Black "Bendayan Claros, Aaron"]
[Result "1-0"]
[WhiteElo "2457"]
[BlackElo "2296"]
[EventDate "2026.04.07"]
[PlyCount "57"]

1.d4 d5 2.c4 e6 3.Nc3 c6 4.e4 dxe4 5.Nxe4 Bb4+ 6.Bd2 Qxd4 7.Bxb4 Qxe4+ 8.
Be2 Na6 9.Bc3 f6 10.Nf3 Ne7 11.O-O O-O 12.Re1 Qf4 13.Bd3 Qc7 14.Qc2 Ng6 
15.h4 Re8 16.Bxg6 hxg6 17.Bxf6 gxf6 18.Qxg6+ Kf8 19.Qxf6+ Qf7 20.Qc3 Qg7 
21.Ne5 Re7 22.Re4 Ke8 23.Rg4 Qh7 24.Qg3 Kd8 25.Rd1+ Kc7 26.Nxc6+ Kb6 27.
c5+ Kxc6 28.Qd6+ Kb5 29.a4+ 1-0

[Event "26th EUR-ch"]
[Site "Katowice POL"]
[Date "2026.04.16"]
[Round "9.70"]
[White "Sherman, Raem"]
[Black "Navara, David"]
[Result "0-1"]
[WhiteElo "2391"]
[BlackElo "2643"]
[EventDate "2026.04.07"]
[PlyCount "106"]

1.e4 c5 2.Nc3 d6 3.f4 g6 4.Nf3 Bg7 5.Bb5+ Bd7 6.a4 Nc6 7.O-O Nf6 8.d3 O-O 
9.Kh1 Rc8 10.Bxc6 Bxc6 11.Qe1 e6 12.Qh4 Nh5 13.Qh3 f5 14.Bd2 Qd7 15.Rae1 
Bxc3 16.Bxc3 Nxf4 17.Qh4 fxe4 18.dxe4 e5 19.Rd1 Qc7 20.Ng5 Qe7 21.Qh6 Bxa4
22.Rf3 Ne6 23.Nxe6 Qxe6 24.Qd2 Rcd8 25.Kg1 Bc6 26.Rxf8+ Kxf8 27.b4 cxb4 
28.Bxb4 Kg8 29.Qe2 Rd7 30.h3 h6 31.Ba3 a6 32.Bc1 g5 33.Ba3 Kh7 34.Qd3 Qg6 
35.Bxd6 Bxe4 36.Qc3 g4 37.h4 Bc6 38.Qxe5 Qxc2 39.Rd2 Qc1+ 40.Kh2 g3+ 41.
Kh3 Qh1+ 42.Kxg3 Rg7+ 43.Kf4 Qxh4+ 44.Ke3 Qe1+ 45.Re2 Qc1+ 46.Rd2 Qg1+ 47.
Kd3 Qb1+ 48.Ke3 Bxg2 49.Qf4 Qg6 50.Be5 Re7 51.Rd8 Qb6+ 52.Ke2 Qb2+ 53.Kd1 
Qxe5 0-1

[Event "26th EUR-ch"]
[Site "Katowice POL"]
[Date "2026.04.16"]
[Round "9.71"]
[White "Kiladze, Luka"]
[Black "Sargissian, Gabriel"]
[Result "0-1"]
[WhiteElo "2380"]
[BlackElo "2618"]
[EventDate "2026.04.07"]
[PlyCount "112"]

1.e4 c6 2.Nf3 d5 3.d3 dxe4 4.dxe4 Qxd1+ 5.Kxd1 Nf6 6.Nfd2 g6 7.f3 Bh6 8.a4
Be6 9.Bc4 Bxc4 10.Nxc4 Bxc1 11.Kxc1 Nbd7 12.a5 O-O-O 13.b4 Ne8 14.Nbd2 Nc7
15.Nb3 Ne6 16.g3 g5 17.Kb2 f6 18.c3 h5 19.Nd4 Nxd4 20.cxd4 Nb8 21.Rad1 Na6
22.Kb3 h4 23.g4 Nc7 24.Ne3 Rd7 25.Rd2 Rhd8 26.Rhd1 e6 27.Kc4 Nb5 28.Rd3 
Kb8 29.Nc2 Nd6+ 30.Kb3 Nb5 31.Kc4 Kc7 32.Re1 Nd6+ 33.Kb3 Nf7 34.Rc3 Kb8 
35.a6 e5 36.axb7 exd4 37.Rxc6 d3 38.Ne3 d2 39.Rd1 Ne5 40.Rc3 Rd3 41.Nd5 
Rxc3+ 42.Kxc3 Nxf3 43.h3 Kxb7 44.Kd3 Rc8 45.Ke2 Rc1 46.Nxf6 Kc6 47.Nd5 
Rxd1 48.Kxd1 Kd6 49.b5 Ke5 50.Nb4 Kxe4 51.Nc6 Ke3 52.Na5 Ne5 53.Nb3 Nc4 
54.Kc2 Ke2 55.Nd4+ Kf2 56.Kd1 Kg3 0-1

[Event "26th EUR-ch"]
[Site "Katowice POL"]
[Date "2026.04.16"]
[Round "9.72"]
[White "Socko, Bartosz"]
[Black "Pasti, Aron"]
[Result "1/2-1/2"]
[WhiteElo "2584"]
[BlackElo "2388"]
[EventDate "2026.04.07"]
[PlyCount "66"]

1.d4 Nf6 2.Bg5 d5 3.Nd2 g6 4.Bxf6 exf6 5.e3 Bd6 6.g3 O-O 7.Bg2 c6 8.Ne2 
Nd7 9.O-O f5 10.c4 dxc4 11.Nxc4 Bc7 12.Nf4 Nf6 13.Rc1 h5 14.Qb3 Qe7 15.
Rfd1 h4 16.a4 hxg3 17.hxg3 Bxf4 18.gxf4 Be6 19.Qa3 Qd8 20.Qd6 Bxc4 21.Qxd8
Rfxd8 22.Rxc4 a5 23.b4 axb4 24.Rxb4 Ra7 25.a5 Rd7 26.Ra1 Nd5 27.Rb3 Kf8 
28.Rab1 Ne7 29.Ra3 Ke8 30.Rb6 Nc8 31.Rb2 Ne7 32.Rb6 Nc8 33.Rb2 Ne7 1/2-1/2

[Event "26th EUR-ch"]
[Site "Katowice POL"]
[Date "2026.04.16"]
[Round "9.74"]
[White "Zielonka, Adam"]
[Black "Vykouk, Jan"]
[Result "1/2-1/2"]
[WhiteElo "2350"]
[BlackElo "2553"]
[EventDate "2026.04.07"]
[PlyCount "89"]

1.e4 e6 2.d4 d5 3.Nc3 Nc6 4.Nf3 Nf6 5.Bg5 Be7 6.exd5 exd5 7.Be2 h6 8.Bh4 
g5 9.Bg3 Ne4 10.Ne5 Bb4 11.Nxc6 bxc6 12.O-O Nxg3 13.fxg3 O-O 14.Bd3 f5 15.
Qh5 Qf6 16.Ne2 Bd7 17.Bxf5 Bxf5 18.g4 Bg6 19.Rf2 Qf4 20.Rxf4 Bxh5 21.Rxf8+
Rxf8 22.gxh5 Bd2 23.g4 Be3+ 24.Kh1 Rf2 25.Ng3 Bxd4 26.Nf5 Bxb2 27.Re1 Rxc2
28.Nxh6+ Kf8 29.Rf1+ Ke8 30.Nf7 Re2 31.Nxg5 c5 32.h6 c4 33.h7 Bg7 34.Rf7 
Be5 35.Rf5 Rxh2+ 36.Kg1 Bd6 37.Rxd5 Rh4 38.Kf1 c3 39.Rd3 Rh1+ 40.Ke2 Rh2+ 
41.Kf3 c2 42.Rc3 Be5 43.Rc5 Bb2 44.Kg3 Rxh7 45.Nxh7 1/2-1/2

[Event "26th EUR-ch"]
[Site "Katowice POL"]
[Date "2026.04.16"]
[Round "9.75"]
[White "Moroni, Luca jr"]
[Black "Sieciechowicz, Marcin"]
[Result "1/2-1/2"]
[WhiteElo "2551"]
[BlackElo "2383"]
[EventDate "2026.04.07"]
[PlyCount "66"]

1.d4 d5 2.Nf3 Nf6 3.c3 e6 4.Bf4 Bd6 5.e3 O-O 6.Bd3 c5 7.Nbd2 Qc7 8.Bxd6 
Qxd6 9.Ne5 b6 10.f4 Ba6 11.Bc2 Nc6 12.g4 Rac8 13.Rg1 cxd4 14.exd4 Nxd4 15.
cxd4 Qb4 16.Bd3 Bb7 17.Nf3 Qxb2 18.Ke2 Qa3 19.Qb3 Qd6 20.Ne5 Ne4 21.g5 Kh8
22.Raf1 Rc7 23.Rg4 f6 24.gxf6 gxf6 25.Nef3 f5 26.Rg2 Qxf4 27.Qb4 Rfc8 28.
Ne5 Qh6 29.Nef3 Nc3+ 30.Kf2 Ne4+ 31.Ke2 Nc3+ 32.Kf2 Ne4+ 33.Ke2 Nc3+ 
1/2-1/2

[Event "26th EUR-ch"]
[Site "Katowice POL"]
[Date "2026.04.16"]
[Round "9.76"]
[White "Piorun, Kacper"]
[Black "Niedbala, Bartlomiej"]
[Result "1-0"]
[WhiteElo "2536"]
[BlackElo "2382"]
[EventDate "2026.04.07"]
[PlyCount "167"]

1.c4 e5 2.Nc3 Nf6 3.Nf3 Nc6 4.d3 d5 5.cxd5 Nxd5 6.g3 Be7 7.Nxd5 Qxd5 8.Bg2
Be6 9.O-O Qd7 10.Be3 O-O 11.Rc1 Rad8 12.a3 Bd5 13.Re1 Rfe8 14.Qa4 a6 15.
Nd2 Bxg2 16.Kxg2 Nd4 17.Qxd7 Rxd7 18.g4 Ne6 19.Nc4 f6 20.b4 Kf7 21.Rc3 c6 
22.Rb1 Nc7 23.Rc2 Nd5 24.Bd2 Bd8 25.Kf3 h5 26.gxh5 Rh8 27.h6 Ke6 28.e4 Nb6
29.hxg7 Rxg7 30.Be3 Nxc4 31.dxc4 Rxh2 32.b5 axb5 33.cxb5 cxb5 34.Rxb5 Rd7 
35.a4 Rhh7 36.Rcc5 Rh3+ 37.Ke2 Rh4 38.Rc4 Rhh7 39.Rc8 Rhf7 40.a5 Rh7 41.
Rb8 f5 42.Bb6 Be7 43.exf5+ Kxf5 44.Rg8 Rf7 45.Be3 Ke6 46.Rb6+ Kf5 47.Rh8 
Bf6 48.Rh5+ Kg4 49.Rh6 Kf5 50.Rh3 Ke4 51.f3+ Kf5 52.Rh5+ Kg6 53.Rxe5 Rfe7 
54.f4 Kf7 55.Rxe7+ Bxe7 56.Rb5 Bf6 57.Kf3 Bc3 58.Ke4 Bf6 59.Bc5 Bc3 60.Bb6
Bf6 61.Rb3 Ke6 62.Rh3 Rf7 63.Rh6 Kd7 64.f5 Re7+ 65.Kf4 Rf7 66.Rg6 Rf8 67.
Rh6 Rf7 68.Rh1 Kc6 69.Rc1+ Kd6 70.Rd1+ Kc6 71.Bd8 Bg7 72.Kg5 Rd7 73.Rc1+ 
Kb5 74.Bc7 Bd4 75.Bb6 Bxb6 76.axb6 Kxb6 77.f6 Ka5 78.Rf1 Rd8 79.f7 Rf8 80.
Kf6 b5 81.Ke7 Rb8 82.f8=Q Rxf8 83.Rxf8 b4 84.Kd6 1-0

[Event "26th EUR-ch"]
[Site "Katowice POL"]
[Date "2026.04.16"]
[Round "9.77"]
[White "Talu, Mircea"]
[Black "Wadsworth, Matthew"]
[Result "1-0"]
[WhiteElo "2371"]
[BlackElo "2532"]
[EventDate "2026.04.07"]
[PlyCount "111"]

1.d4 Nf6 2.c4 e6 3.Nf3 b6 4.g3 Ba6 5.b3 Bb4+ 6.Bd2 Be7 7.Nc3 d5 8.cxd5 
exd5 9.Bg2 O-O 10.O-O Re8 11.Re1 Nbd7 12.Rc1 Nf8 13.Ne5 Bb7 14.Bg5 Ne6 15.
Bxf6 Bxf6 16.f4 c5 17.e3 Rc8 18.Re2 cxd4 19.exd4 Be7 20.Nxf7 Kxf7 21.Rxe6 
g6 22.Re2 Bf6 23.Rxe8 Qxe8 24.Qd2 Qe6 25.h3 Re8 26.Kh2 h5 27.h4 Kg7 28.Qd3
Re7 29.Rd1 Qd6 30.Qd2 a6 31.Qf2 b5 32.Qf3 Bc6 33.Rd2 Re8 34.Nd1 Qe6 35.Nf2
Qe1 36.Qd1 Qe3 37.Nh3 Bd7 38.Nf2 Bf5 39.Bxd5 Bxd4 40.Bf3 Kh6 41.Kg2 Rd8 
42.Nh3 Rc8 43.Ng5 Bg7 44.Bxh5 Rc3 45.Bf3 Qc5 46.Ne4 Bxe4 47.Bxe4 Qe3 48.
Bf3 a5 49.Qe2 Qc5 50.Rd5 Qc8 51.Be4 Bf6 52.Rd6 Qf8 53.Qg4 Qe8 54.Re6 Qf7 
55.h5 a4 56.hxg6 1-0

[Event "26th EUR-ch"]
[Site "Katowice POL"]
[Date "2026.04.16"]
[Round "9.78"]
[White "Olszewski, Michal"]
[Black "Perossa, Nicolas"]
[Result "1-0"]
[WhiteElo "2516"]
[BlackElo "2362"]
[EventDate "2026.04.07"]
[PlyCount "67"]

1.d4 Nf6 2.Nc3 d5 3.Bf4 Bd7 4.e3 e6 5.g4 Bb4 6.Ne2 c5 7.a3 Ba5 8.dxc5 O-O 
9.b4 Bc7 10.g5 Ne8 11.h4 a5 12.Bg2 axb4 13.axb4 Rxa1 14.Qxa1 Bxf4 15.Nxf4 
Nc6 16.b5 Ne5 17.Qa7 Nc7 18.Qxb7 Nxb5 19.Qa6 Nxc3 20.Qa1 Ne4 21.Bxe4 dxe4 
22.Qxe5 Bb5 23.f3 Qa5+ 24.Kf2 Qd2+ 25.Kg3 exf3 26.h5 Bd7 27.c6 f6 28.gxf6 
gxf6 29.Qc7 Qxe3 30.cxd7 e5 31.d8=Q f2+ 32.Kg2 Qxf4 33.Qd5+ Kh8 34.h6 1-0

[Event "26th EUR-ch"]
[Site "Katowice POL"]
[Date "2026.04.16"]
[Round "9.79"]
[White "Sahidi, Samir"]
[Black "Goroskov, Maksim"]
[Result "1/2-1/2"]
[WhiteElo "2513"]
[BlackElo "2364"]
[EventDate "2026.04.07"]
[PlyCount "89"]

1.e4 e5 2.Nf3 Nc6 3.Bb5 a6 4.Ba4 Nf6 5.d3 d6 6.c3 Be7 7.O-O O-O 8.Re1 Bg4 
9.Be3 b5 10.Bc2 d5 11.Nbd2 d4 12.cxd4 exd4 13.Bg5 Nd7 14.Bxe7 Qxe7 15.h3 
Bxf3 16.Nxf3 Qb4 17.Qc1 Nce5 18.Nxe5 Nxe5 19.f4 Ng6 20.a3 Qe7 21.Bb3 c5 
22.Qd2 Rac8 23.Rac1 Qh4 24.Rf1 Rc7 25.e5 Kh8 26.Bd5 Qh6 27.Be4 f5 28.exf6 
Rxf6 29.Bxg6 hxg6 30.b4 Rfc6 31.Rxc5 Rxc5 32.bxc5 Rxc5 33.Qa5 Rc3 34.Rf3 
Qh5 35.Rg3 Qh4 36.Rf3 Qf6 37.Qb4 Kh7 38.a4 Qb6 39.axb5 axb5 40.Qe7 b4 41.
f5 Rc1+ 42.Kf2 Rc2+ 43.Kg1 Rc1+ 44.Kf2 Rc2+ 45.Kg1 1/2-1/2

[Event "26th EUR-ch"]
[Site "Katowice POL"]
[Date "2026.04.16"]
[Round "9.80"]
[White "Macias Pino, Diego"]
[Black "Morkunas, Gustas"]
[Result "1-0"]
[WhiteElo "2495"]
[BlackElo "2350"]
[EventDate "2026.04.07"]
[PlyCount "95"]

1.e4 c5 2.Nf3 e6 3.d4 cxd4 4.Nxd4 a6 5.Bd3 Bc5 6.Nb3 Ba7 7.Bf4 Nc6 8.Nc3 
e5 9.Bg3 d6 10.Qd2 Be6 11.O-O-O Qd7 12.f4 exf4 13.Bxf4 Rd8 14.Be2 Bb8 15.
h4 h6 16.Qe3 Qe7 17.g4 Ne5 18.Nd5 Bxd5 19.exd5 Ng6 20.Qg3 Nxf4 21.Qxf4 Qe5
22.Qb4 Ne7 23.Qxb7 O-O 24.Bxa6 Ng6 25.Kb1 Rde8 26.Nd4 Qf4 27.g5 h5 28.Ne2 
Qe3 29.Nc3 Ba7 30.Qb4 Rb8 31.Bb5 Rfc8 32.a4 Ne5 33.Rhe1 Qf2 34.Re2 Qf3 35.
Qxd6 Rxc3 36.Qxe5 Re3 37.Rxe3 Qxd1+ 38.Ka2 Qxc2 39.Rc3 Qf2 40.Rd3 Qxh4 41.
d6 Bb6 42.d7 Rf8 43.Qd6 Qf2 44.Bc4 Qc2 45.Bb3 Qc7 46.g6 Qxd6 47.Rxd6 Bd8 
48.a5 1-0

[Event "26th EUR-ch"]
[Site "Katowice POL"]
[Date "2026.04.16"]
[Round "9.81"]
[White "Unat, Can Haktan"]
[Black "Lashkin, Jegor"]
[Result "0-1"]
[WhiteElo "2333"]
[BlackElo "2493"]
[EventDate "2026.04.07"]
[PlyCount "94"]

1.e4 c5 2.Nf3 d6 3.d4 cxd4 4.Nxd4 Nf6 5.Nc3 a6 6.h3 e5 7.Nb3 Be6 8.f4 Nc6 
9.f5 Bxb3 10.axb3 Be7 11.Be2 Qb6 12.Bf3 O-O 13.Qe2 d5 14.exd5 Nd4 15.Qd3 
Rac8 16.Be4 Nd7 17.h4 Nc5 18.Qe3 Qd8 19.g3 b5 20.b4 Nxe4 21.Qxe4 Rc4 22.
Rb1 Bxb4 23.O-O Bxc3 24.bxc3 Rxc3 25.Bb2 Rc4 26.Bxd4 Rxd4 27.Qxe5 Rxd5 28.
Qf4 Qd6 29.Qxd6 Rxd6 30.Rfc1 Rc6 31.Rb2 Rfc8 32.Ra1 h5 33.Rba2 Rc3 34.Rxa6
Rxg3+ 35.Kf2 Rgc3 36.f6 Rxc2+ 37.Ke3 R2c3+ 38.Kd2 Rc2+ 39.Ke3 R8c3+ 40.Kd4
Rc4+ 41.Kd3 R2c3+ 42.Kd2 Rf3 43.Rb6 Rxf6 44.Rxf6 gxf6 45.Rf1 Rxh4 46.Rxf6 
Kg7 47.Rf5 b4 0-1

[Event "26th EUR-ch"]
[Site "Katowice POL"]
[Date "2026.04.16"]
[Round "9.82"]
[White "Zakin, Ilay"]
[Black "Saraci, Nderim"]
[Result "1-0"]
[WhiteElo "2330"]
[BlackElo "2483"]
[EventDate "2026.04.07"]
[PlyCount "125"]

1.e4 c5 2.Nf3 Nc6 3.Bb5 e6 4.O-O Nge7 5.Re1 a6 6.Bf1 Ng6 7.c3 Be7 8.d4 
cxd4 9.cxd4 d5 10.e5 O-O 11.g3 f6 12.exf6 Bxf6 13.Nc3 Kh8 14.Bg2 Nge7 15.
Be3 Nf5 16.Na4 Nxe3 17.Rxe3 Qd6 18.Rc1 Rb8 19.Qd2 b6 20.Nc3 Bd7 21.Ne2 
Rbc8 22.Bh3 Na5 23.b3 Rxc1+ 24.Qxc1 Nc6 25.Qd2 Rd8 26.Kg2 Bc8 27.Nf4 e5 
28.dxe5 Bxh3+ 29.Nxh3 Bxe5 30.Qe2 d4 31.Nhg5 d3 32.Nf7+ Kg8 33.Nxd6 dxe2 
34.Nc4 Bc7 35.Rxe2 b5 36.Ncd2 Nb4 37.Re7 Bd6 38.Re6 h6 39.Ne4 Bf8 40.a3 
Nc2 41.Rxa6 Bxa3 42.Rb6 b4 43.h4 Na1 44.Nc5 Rd5 45.Rb8+ Kf7 46.Rb7+ Kg8 
47.Ne6 Nxb3 48.Rxg7+ Kh8 49.Rg6 Bc1 50.Nc7 Rc5 51.Ne8 Rc8 52.Nf6 Bb2 53.
Nd5 Rb8 54.Rxh6+ Kg7 55.Rc6 Na5 56.Rc5 Nb3 57.Rc4 Ba3 58.Rc7+ Kf8 59.Ng5 
Bb2 60.Rc4 Ba3 61.h5 Na5 62.Rc7 Rb7 63.Ne6+ 1-0

[Event "26th EUR-ch"]
[Site "Katowice POL"]
[Date "2026.04.16"]
[Round "9.83"]
[White "Nemec, Jachym"]
[Black "Yeritsian, Hayk"]
[Result "1-0"]
[WhiteElo "2482"]
[BlackElo "2342"]
[EventDate "2026.04.07"]
[PlyCount "77"]

1.Nf3 d5 2.b3 Nf6 3.Bb2 Bf5 4.g3 Nc6 5.Bg2 Qd7 6.e3 Bh3 7.Bxh3 Qxh3 8.Bxf6
gxf6 9.d4 O-O-O 10.Nbd2 e5 11.c3 exd4 12.cxd4 Ba3 13.Ng1 Qf5 14.Qb1 Qg4 
15.h3 Qd7 16.Kf1 h5 17.Ngf3 Rdg8 18.Nh4 Kb8 19.Ndf3 Nb4 20.Qd1 Qe6 21.Qe2 
Qe4 22.Rd1 Re8 23.Rg1 Re6 24.Nd2 Qh7 25.Nb1 Ra6 26.Kg2 Re8 27.Kh2 Ree6 28.
Ng2 h4 29.gxh4 Nxa2 30.Nxa3 Rxa3 31.Nf4 Re8 32.Qd2 c5 33.dxc5 d4 34.Qxd4 
Ra6 35.Rd2 Rc8 36.b4 Qxh4 37.Rg7 Nc1 38.Rxf7 Rac6 39.Qc4 1-0

[Event "26th EUR-ch"]
[Site "Katowice POL"]
[Date "2026.04.16"]
[Round "9.84"]
[White "Tarhan, Adar"]
[Black "Bracker, Frank"]
[Result "1-0"]
[WhiteElo "2477"]
[BlackElo "2332"]
[EventDate "2026.04.07"]
[PlyCount "93"]

1.e4 e5 2.Nf3 Nc6 3.Bb5 a6 4.Ba4 Nf6 5.O-O Be7 6.Re1 b5 7.Bb3 d6 8.c3 O-O 
9.h3 Bb7 10.d4 Re8 11.d5 Nb8 12.Nbd2 Nbd7 13.Nf1 Nc5 14.Bc2 c6 15.dxc6 
Bxc6 16.Ng3 h6 17.b4 Na4 18.Bxa4 bxa4 19.c4 Qc7 20.a3 Rac8 21.Bb2 Qb7 22.
Nd2 g6 23.Rc1 h5 24.Qf3 Nh7 25.Qd3 Ng5 26.Qe3 Ne6 27.Nf3 Kh7 28.Rcd1 f6 
29.Nh4 Bf8 30.Bc1 Nd4 31.Qd3 Qf7 32.Be3 Bd7 33.Bxd4 exd4 34.Qxd4 Rxc4 35.
Qa7 Rc6 36.Rc1 Rec8 37.Rxc6 Rxc6 38.Nf3 Be8 39.Qa8 Bh6 40.Ne2 Qd7 41.Rd1 
Bf7 42.Nfd4 Rb6 43.Nc3 Qb7 44.Qd8 a5 45.b5 Qb8 46.Qxb8 Rxb8 47.Nc6 1-0

[Event "26th EUR-ch"]
[Site "Katowice POL"]
[Date "2026.04.16"]
[Round "9.85"]
[White "Brzezina, Piotr"]
[Black "Sipila, Vilka"]
[Result "0-1"]
[WhiteElo "2327"]
[BlackElo "2479"]
[EventDate "2026.04.07"]
[PlyCount "58"]

1.d4 Nf6 2.c4 e6 3.Nf3 d5 4.g3 Bb4+ 5.Bd2 Be7 6.Bg2 O-O 7.O-O c6 8.Qc2 
Nbd7 9.Rd1 b6 10.Bf4 Bb7 11.Nbd2 c5 12.dxc5 Bxc5 13.cxd5 Rc8 14.Qa4 Nxd5 
15.Nb3 Bc6 16.Qa6 Qf6 17.Bg5 Qxb2 18.Rab1 Qa3 19.Nxc5 Qxc5 20.Rbc1 Nc3 21.
Be3 Qb5 22.Qxb5 Bxb5 23.Nd4 Nxd1 24.Rxd1 Ba4 25.Rb1 Ne5 26.Bf4 Nc6 27.Nb5 
Bxb5 28.Rxb5 Nd4 29.Rb2 Rc2 0-1

[Event "26th EUR-ch"]
[Site "Katowice POL"]
[Date "2026.04.16"]
[Round "9.86"]
[White "Grebeniuk, Semen"]
[Black "Dotzer, Lukas"]
[Result "0-1"]
[WhiteElo "2324"]
[BlackElo "2469"]
[EventDate "2026.04.07"]
[PlyCount "122"]

1.e4 c5 2.Nf3 d6 3.d4 cxd4 4.Nxd4 Nf6 5.Nc3 a6 6.Be2 e5 7.Nb3 Be7 8.O-O 
O-O 9.Be3 Be6 10.Bf3 Nbd7 11.a4 Rc8 12.a5 h5 13.h3 g6 14.Re1 Nh7 15.Nc1 
Rc6 16.Nd3 Bg5 17.Nb4 Rc4 18.Nbd5 Bxe3 19.Rxe3 Qh4 20.b3 Rd4 21.Qe1 Ng5 
22.Nc7 Nc5 23.Rb1 Bd7 24.N7d5 f5 25.exf5 gxf5 26.Nb6 f4 27.Nxd7 Nxd7 28.
Rd3 Rxd3 29.cxd3 Nxf3+ 30.gxf3 Qxh3 31.Qf1 Qxf3 32.Qg2+ Qxg2+ 33.Kxg2 Nf6 
34.b4 Rc8 35.Ne4 Nxe4 36.dxe4 Kf7 37.b5 axb5 38.Rxb5 Rc7 39.Rb6 Ke6 40.Kf3
Rg7 41.a6 bxa6 42.Rxa6 h4 43.Ra8 Rh7 44.Kg2 h3+ 45.Kh2 Rh4 46.Ra3 Kd7 47.
Rc3 d5 48.exd5 Kd6 49.Rd3 e4 50.Rd1 Rh6 51.Rd2 Ke5 52.Rd1 e3 53.fxe3 fxe3 
54.Kg3 h2 55.Rh1 Kxd5 56.Kf3 Kd4 57.Ke2 Ra6 58.Rd1+ Ke4 59.Ra1 Rd6 60.Rh1 
Rd2+ 61.Ke1 Kd3 0-1

[Event "26th EUR-ch"]
[Site "Katowice POL"]
[Date "2026.04.16"]
[Round "9.87"]
[White "Culum, Sanjin"]
[Black "Hercegovac, Neven"]
[Result "1-0"]
[WhiteElo "2460"]
[BlackElo "2325"]
[EventDate "2026.04.07"]
[PlyCount "59"]

1.e4 c5 2.Nf3 g6 3.c3 d5 4.e5 Bg4 5.Bb5+ Nc6 6.O-O Rc8 7.d4 cxd4 8.cxd4 
Qb6 9.Bxc6+ Rxc6 10.Nbd2 Bf5 11.Nb3 Bc2 12.Qe2 Bxb3 13.axb3 e6 14.Rd1 a6 
15.Qd3 h6 16.h4 h5 17.Bd2 Bb4 18.Rdc1 Ne7 19.Bg5 Kd7 20.Rxc6 Nxc6 21.Qe3 
Ne7 22.Bxe7 Bxe7 23.Rc1 Rb8 24.Qf4 Ke8 25.Qh6 Kd7 26.Qg7 Qxb3 27.Qxf7 Qxb2
28.Rc7+ Kxc7 29.Qxe7+ Kb6 30.Qc5# 1-0

[Event "26th EUR-ch"]
[Site "Katowice POL"]
[Date "2026.04.16"]
[Round "9.88"]
[White "Druska, Juraj"]
[Black "Dyachuk, Artem"]
[Result "1/2-1/2"]
[WhiteElo "2458"]
[BlackElo "2323"]
[EventDate "2026.04.07"]
[PlyCount "35"]

1.c4 e6 2.g3 d5 3.Bg2 Nf6 4.Nf3 Be7 5.O-O O-O 6.b3 d4 7.d3 c5 8.e4 Nc6 9.
e5 Nd7 10.Re1 Rb8 11.h4 b5 12.cxb5 Rxb5 13.Na3 Rb8 14.Nc4 Nb4 15.Ng5 Bb7 
16.Ne4 Nb6 17.a3 N4d5 18.Qh5 1/2-1/2

[Event "26th EUR-ch"]
[Site "Katowice POL"]
[Date "2026.04.16"]
[Round "9.89"]
[White "Yilmaz, Baver"]
[Black "Bodrogi, Bendeguz"]
[Result "1/2-1/2"]
[WhiteElo "2321"]
[BlackElo "2454"]
[EventDate "2026.04.07"]
[PlyCount "27"]

1.e4 c6 2.Nf3 d5 3.d3 dxe4 4.dxe4 Qxd1+ 5.Kxd1 Nf6 6.Nbd2 g6 7.Ne5 Be6 8.
Bc4 Bxc4 9.Nexc4 Bh6 10.f3 Nbd7 11.Ke2 b6 12.Nb3 Bxc1 13.Rhxc1 Kd8 14.a4 
1/2-1/2

[Event "26th EUR-ch"]
[Site "Katowice POL"]
[Date "2026.04.16"]
[Round "9.90"]
[White "Tsolakidou, Stavroula"]
[Black "Krawczyk, Flawian"]
[Result "1/2-1/2"]
[WhiteElo "2452"]
[BlackElo "2329"]
[EventDate "2026.04.07"]
[PlyCount "32"]

1.e4 c5 2.Nf3 Nc6 3.Bb5 d5 4.exd5 Qxd5 5.O-O Bg4 6.Nc3 Bxf3 7.Nxd5 Bxd1 8.
Rxd1 Rc8 9.d4 e6 10.Nc3 cxd4 11.Rxd4 a6 12.Bxc6+ Rxc6 13.Bg5 Be7 14.h4 Nf6
15.Rad1 O-O 16.a4 h6 1/2-1/2

[Event "26th EUR-ch"]
[Site "Katowice POL"]
[Date "2026.04.16"]
[Round "9.91"]
[White "Dovgaliuk, Oleksandr"]
[Black "Willow, Jonah"]
[Result "1/2-1/2"]
[WhiteElo "2309"]
[BlackElo "2452"]
[EventDate "2026.04.07"]
[PlyCount "26"]

1.e4 c5 2.Nf3 g6 3.d4 cxd4 4.Nxd4 Nc6 5.Nc3 Bg7 6.Be3 Nf6 7.Nxc6 bxc6 8.e5
Ng8 9.Bd4 Qa5 10.f4 Rb8 11.Qd2 f6 12.Bc4 Rxb2 13.Ne4 Qxd2+ 1/2-1/2

[Event "26th EUR-ch"]
[Site "Katowice POL"]
[Date "2026.04.16"]
[Round "9.92"]
[White "Kolosowski, Mateusz"]
[Black "Kucza, Karol"]
[Result "1/2-1/2"]
[WhiteElo "2444"]
[BlackElo "2320"]
[EventDate "2026.04.07"]
[PlyCount "101"]

1.d4 d5 2.c4 c6 3.Nc3 Nf6 4.Nf3 e6 5.e3 Nbd7 6.Be2 Bd6 7.O-O O-O 8.b3 b6 
9.Bb2 Bb7 10.Bd3 c5 11.cxd5 exd5 12.Rc1 Re8 13.Ne2 a6 14.Ng3 g6 15.Rc2 Bf8
16.Qa1 Ne4 17.Rd1 Nxg3 18.hxg3 Rc8 19.a4 Bg7 20.Rdc1 a5 21.Bb5 Bc6 22.Bxc6
Rxc6 23.Ne1 Qg5 24.Nd3 Qf5 25.Nf4 Rec8 26.Qa2 g5 27.Ne2 Rf6 28.Nc3 Rh6 29.
g4 Qe6 30.dxc5 Rxc5 31.Ne2 Qxg4 32.Bxg7 Kxg7 33.Qb2+ Kg8 34.Rxc5 Nxc5 35.
Ng3 Nd3 36.Qd4 Qxd4 37.Rc8+ Kg7 38.Nf5+ Kf6 39.Nxd4 Rg6 40.Rd8 Nb4 41.g4 
Ke5 42.Rc8 Rf6 43.f3 h6 44.Kf2 Nd3+ 45.Ke2 Nc5 46.Rd8 Rg6 47.Kd2 Rd6 48.
Rh8 Rf6 49.Rd8 Rd6 50.Rh8 Rf6 51.Rd8 1/2-1/2